00282nam a2200109Ia 4500008004100000082001600041100002000057245005400077250000800131260002500139300000800164191201s2011 xx 000 0 und d a628.01bSAH aSAWYER, Clair N 0aChemistry for environment engineering and science aRep c2011bTMHaNEW DELHI a752